外務省による危険情報を全く出されていない国・地域 - Statistics

General Stats
  • This quiz has been taken 449 times
    433 since last reset
  • The average score is 53 of 85
Answer Stats
地域 備考 % Correct
アジア 韓国
94%
イギリス
90%
フランス
89%
ジブラルタル 地域
89%
仏領ポリネシア 地域
89%
台湾 地域
87%
ドイツ
87%
アメリカ
86%
北マリアナ諸島 地域
86%
グアム 地域
86%
ハワイ 地域
86%
スペイン
85%
ポルトガル
85%
南北アメリカ カナダ
85%
イタリア
84%
オセアニア オーストラリア
84%
フィンランド
83%
アイルランド
82%
ノルウェー
82%
オランダ
82%
シンガポール
81%
ヨーロッパ アイスランド
81%
スウェーデン
81%
ベルギー
80%
ニュージーランド
79%
スイス
78%
ギリシャ
78%
チェコ
76%
バチカン
76%
オーストリア
76%
スロバキア
75%
ポーランド
75%
デンマーク
74%
ルクセンブルク
74%
エストニア
73%
ラトビア
73%
ベトナム
72%
リトアニア
72%
モンゴル
71%
モナコ
69%
アンドラ
69%
リヒテンシュタイン
69%
ハンガリー
69%
サンマリノ
68%
スロベニア
68%
アラブ首長国連邦
66%
ルーマニア
66%
ブルガリア
64%
カタール
61%
マルタ
57%
パラオ
57%
アルバニア
55%
ミクロネシア
55%
ブルネイ
54%
ナウル
53%
オマーン
52%
トンガ
49%
ツバル
49%
モルディブ
47%
モンテネグロ
46%
ドミニカ国
46%
セーシェル
44%
セントビンセント
43%
レソト
42%
キューバ
40%
キリバス
40%
バハマ
39%
バヌアツ
39%
サモア
38%
モーリシャス
37%
エスワティニ
37%
ウルグアイ
37%
マーシャル
37%
ボツワナ
36%
ニウエ
36%
アフリカ カーボベルデ
34%
アンティグアバーブーダ
34%
セントルシア
31%
スリナム
31%
クック諸島
31%
バルバドス
30%
セントクリストファーネイビス
29%
グレナダ
25%
マカオ
22%
ニューカレドニア
9%
No matching quizzes found
Score Distribution
Percent of People with Each Score
Percentile by Number Answered
Your Score History
You have not taken this quiz since the last reset